Rote, weiße und blaue Flaggen - Sudden Death - Statistiken

Allgemein
  • Dieses Quiz wurde 40.141 mal gespielt
  • Das Durchschnittsergebnis liegt bei 7 aus 17
Answers on the Grid
Answers color-coded by a green-red scale on the quiz's grid according to % correct below.
Australien
Brasilien
Costa Rica
Frankreich
Guatemala
Haiti
Indien
Irland
Island
Italien
Kuba
Liberia
Montenegro
Nepal
Nicaragua
Nordkorea
Norwegen
Panama
Papua-Neuguinea
Philippinen
Russland
Samoa
Schweden
Simbabwe
Slowakei
Spanien
Südafrika
Südkorea
Taiwan
Thailand
Vereinigte Staaten
Vereinigtes Königreich
 
Antwortstatistiken
Antwort % Korrekt
Frankreich
85%
Australien
79%
Costa Rica
66%
Island
47%
Russland
44%
Norwegen
39%
Slowakei
38%
Vereinigtes Königreich
38%
Vereinigte Staaten
38%
Nordkorea
36%
Thailand
34%
Kuba
31%
Panama
28%
Nepal
21%
Liberia
17%
Taiwan
15%
Samoa
9%
Keine übereinstimmenden Quizze gefunden
Verteilung der Resultate
Anzahl Personen mit jedem Resultat
Perzentil nach korrekt beantworteten Fragen
Ihre Resultats-Entwicklung
Sie haben dieses Quiz noch nicht gespielt